Digitálna transformácia vybraného podnikateľského subjektu bakalárska práca

Guardado en:
Detalles Bibliográficos
Autor principal: Jánoš, Boris
Autor Corporativo: Fakulta podnikového manažmentu EU. Katedra informačného manažmentu
Otros Autores: Bednarčíková, Diana, 1996-
Formato: Libro
Lenguaje:eslovaco
Publicado: Bratislava 2023
Etiquetas: Agregar Etiqueta
Sin Etiquetas, Sea el primero en etiquetar este registro!

MARC

LEADER 00000nbm a2200000 4500
001 0293598
005 20240530131208.1
041 0 |a slo 
044 |a SK 
245 1 0 |a Digitálna transformácia vybraného podnikateľského subjektu  |b bakalárska práca  |c Boris Jánoš ; školiteľ: Diana Bednarčíková 
264 1 |a Bratislava  |c 2023 
300 |a 51 s. 
100 1 |a Jánoš, Boris 
700 1 |a Bednarčíková, Diana, 1996- 
710 2 |a Fakulta podnikového manažmentu EU. Katedra informačného manažmentu